Meri Do Ankhen (Record no. 6992)

MARC details
000 -LEADER
fixed length control field 00612nam a2200265 a 4500
020 ## - INTERNATIONAL STANDARD BOOK NUMBER
ISBN
082 00 - DEWEY DECIMAL CLASSIFICATION NUMBER
Classification number 954.035
Author Cutter AKH
100 ## - MAIN ENTRY--AUTHOR NAME
Author name Akhtar, Wajidi
245 ## - TITLE STATEMENT
Title Meri Do Ankhen
260 ## - PUBLICATION, DISTRIBUTION, ETC. (IMPRINT)
Place of publication Hyderabad
Name of publisher Hussami Book Depot
Year of publication 1985
300 ## - PHYSICAL DESCRIPTION
Number of Pages 128p
500 ## - GENERAL NOTE
General note includes index and biblioraphy
505 2# - FORMATTED CONTENTS NOTE
Formatted contents note Index
650 ## - SUBJECT ADDED ENTRY--TOPICAL TERM
Topical Term India-History
650 ## - SUBJECT ADDED ENTRY--TOPICAL TERM
Topical Term India-Nizams
650 ## - SUBJECT ADDED ENTRY--TOPICAL TERM
Topical Term Nizams
942 ## - ADDED ENTRY ELEMENTS (KOHA)
Koha item type Books
700 1# -
-- Akhtar, Wajidi
Holdings
Collection code Home library Current library Date acquired Cost, normal purchase price Full call number Accession Number Koha item type
  Henry Martyn Institute Library Henry Martyn Institute Library 04/04/2007 10.00 954.035 AKH 012274 Books
                   Copyright © 2026 | Henry Martyn Institute | Hyderabad | TS-500052 | INDIA | Implemented by hmi.edu.in
Hit-Count:

Powered by Koha